00674nam a2200229 a 4500001001300000003000900013005001700022008004100039020001000080082001500090245003500105260004800140300000900188500003500197505001000232650002300242710003400265902000800299942000700307952011500314999001500429nice12345678IN_TiNIC20260116011428.0050524s1895 laha grp 000 0 urd  ac10000a270.1bPRB aMasihi Mazhab Ke Itedai Halaat aLahorebPunjab Religious Booksociety c1895 a135p aincludes index and biblioraphy2 aIndex aChristianity-Spain2 aPunjab Religious Book Society bSRS cBK 001040708StackRoom-aHMIbHMId2007-07-17g100.00l0o270.1 PRBp03863r2007-07-17v100.00w2005-05-24yBK c1448d1448